| 000 | 00442nam a2200181Ia 4500 | ||
|---|---|---|---|
| 005 | 20250603145400.0 | ||
| 008 | 250603s9999 xx 000 0 und d | ||
| 020 | _a978027373354 | ||
| 050 | _aHG 173 .A814/ | ||
| 100 | _aArnold, Glen | ||
| 245 | 0 | _aModern financial markets and institutions : a practical perspective | |
| 260 | _aBoston | ||
| 260 | _bPearson | ||
| 260 | _c2012 | ||
| 300 | _a679 p | ||
| 650 | _aBoston | ||
| 942 | _cBK | ||
| 999 |
_c41699 _d41699 |
||